[Event "4NCL Division Two"]
[Site "Warwick, ENG"]
[Date "2023.02.11"]
[Round "5.56"]
[White "Oswald, Graeme"]
[Black "Blake, J Morgan"]
[Result "1-0"]
[WhiteElo "2164"]
[BlackElo "2108"]
[PlyCount "57"]
[EventDate "2023.02.11"]
[WhiteTeam "North East England"]
[BlackTeam "Sussex Martlets 1"]

1. e4 e5 2. Nf3 Nc6 3. Bb5 a6 4. Ba4 Nf6 5. O-O Be7 6. Re1 b5 7. Bb3 O-O 8. c3
d5 9. exd5 Nxd5 10. Nxe5 Nxe5 11. Rxe5 c6 12. d4 Bd6 13. Re1 Qh4 14. g3 Qh3 15.
Be3 Ra7 16. a4 Re7 17. Bxd5 cxd5 18. axb5 axb5 19. Qf3 h5 20. Nd2 Rfe8 21. Ra5
b4 22. Rxd5 bxc3 23. bxc3 Qe6 24. Rxh5 Qg6 25. Rb5 Qd3 26. c4 Ba6 27. Rb6 Bxc4
28. Nxc4 Qxc4 29. Rc1 1-0

[Event "4NCL Division Two"]
[Site "Warwick, ENG"]
[Date "2023.02.11"]
[Round "5.57"]
[White "Bucher, Grant W"]
[Black "Longson, Sarah N"]
[Result "1/2-1/2"]
[WhiteElo "2129"]
[BlackElo "2135"]
[PlyCount "66"]
[EventDate "2023.02.11"]
[WhiteTeam "Sussex Martlets 1"]
[BlackTeam "North East England"]

1. e4 e5 2. Nf3 Nc6 3. Bc4 Nf6 4. d4 exd4 5. e5 d5 6. Bb5 Ne4 7. Nxd4 Bc5 8.
Be3 O-O 9. Nxc6 bxc6 10. Bxc5 Nxc5 11. Bxc6 Rb8 12. Qxd5 Qe7 13. O-O Rxb2 14.
Nc3 Rxc2 15. Qd4 Ba6 16. Rfd1 Ne6 17. Nd5 Qa3 18. Qh4 Rc4 19. Qe7 Qb2 20. Rab1
Qxe5 21. Qa3 Nc5 22. Ne3 Rc3 23. Qb2 Nd3 24. Rxd3 Bxd3 25. Rd1 Qc5 26. Bd5 h6
27. Bb3 Be4 28. Nf1 Qg5 29. Ng3 Rxg3 30. hxg3 Rd8 31. Rxd8+ Qxd8 32. Qe5 Bg6
33. Qc5 Qd2 1/2-1/2

[Event "4NCL Division Two"]
[Site "Warwick, ENG"]
[Date "2023.02.11"]
[Round "5.58"]
[White "Gazis, Georgios"]
[Black "Graham, Cassie M"]
[Result "0-1"]
[WhiteElo "1961"]
[BlackElo "1987"]
[PlyCount "86"]
[EventDate "2023.02.11"]
[WhiteTeam "North East England"]
[BlackTeam "Sussex Martlets 1"]

1. e4 c5 2. Nf3 Nc6 3. Bb5 Nd4 4. Bc4 e6 5. O-O g6 6. Nxd4 cxd4 7. f4 Ne7 8. d3
f5 9. Nd2 a6 10. Nf3 b5 11. Bb3 Bg7 12. Qe1 Bb7 13. Bd2 Qb6 14. Ba5 Qa7 15. Kh1
fxe4 16. dxe4 Nc6 17. Bc7 a5 18. a3 a4 19. Ba2 Qc5 20. f5 Ne7 21. Ba5 Rxa5 22.
Qxa5 gxf5 23. exf5 Nxf5 24. Qb4 Qxb4 25. axb4 Ne3 26. Rf2 O-O 27. Kg1 Be4 28.
Rc1 Rc8 29. Ng5 Rxc2 30. Rcxc2 Bxc2 31. Nf3 d3 32. Ne1 Bd4 33. Kh1 Ng4 34. Rf1
Nf2+ 35. Kg1 Nd1+ 36. Kh1 Nf2+ 37. Kg1 Ne4+ 38. Kh1 Bxb2 39. Nf3 d2 40. Nxd2
Nxd2 41. Rf2 Bc3 42. Rf4 Bb3 43. Bxb3 axb3 0-1

[Event "4NCL Division Two"]
[Site "Warwick, ENG"]
[Date "2023.02.11"]
[Round "5.61"]
[White "Merriman, John"]
[Black "Claridge-Hansen, William"]
[Result "0-1"]
[WhiteElo "2366"]
[BlackElo "2315"]
[PlyCount "78"]
[EventDate "2023.02.11"]
[WhiteTeam "KJCA Kings"]
[BlackTeam "Oxford 1"]

1. d4 Nf6 2. c4 e6 3. Nc3 Bb4 4. e3 O-O 5. Nge2 Re8 6. a3 Bf8 7. g3 d5 8. cxd5
exd5 9. Bg2 a5 10. O-O Na6 11. Qc2 g6 12. Bd2 c6 13. f3 c5 14. Rad1 Bd7 15. Nf4
Bc6 16. Bc1 cxd4 17. exd4 b5 18. Ne4 Rc8 19. Nxf6+ Qxf6 20. Qd3 Nc7 21. Bh3 Rb8
22. b3 Na8 23. Rf2 Nb6 24. Qc3 b4 25. axb4 Bxb4 26. Qa1 Bb5 27. Nd3 Bxd3 28.
Rxd3 Re1+ 29. Rf1 Rbe8 30. Qb2 R8e2 31. Rxe1 Rxe1+ 32. Kf2 Qe7 33. Re3 Rxe3 34.
Bxe3 a4 35. Bf1 a3 36. Qa1 Qa7 37. Qa2 Qc7 38. Bd3 Qc3 39. Qe2 Qe1+ 0-1

[Event "4NCL Division Two"]
[Site "Warwick, ENG"]
[Date "2023.02.11"]
[Round "5.62"]
[White "Gerlagh, Joris"]
[Black "Harakis, Alexis M"]
[Result "1-0"]
[WhiteElo "2288"]
[BlackElo "2282"]
[PlyCount "85"]
[EventDate "2023.02.11"]
[WhiteTeam "Oxford 1"]
[BlackTeam "KJCA Kings"]

1. e4 e6 2. b3 d5 3. Bb2 c5 4. exd5 exd5 5. Bb5+ Bd7 6. Qe2+ Qe7 7. Nc3 Nf6 8.
Bxd7+ Kxd7 9. O-O-O Qxe2 10. Ncxe2 Ne4 11. Nh3 Nc6 12. Nc3 Nf6 13. Ng5 d4 14.
Nxf7 dxc3 15. dxc3+ Ke8 16. Nxh8 Be7 17. c4 Kf8 18. Bxf6 gxf6 19. Rd7 Rb8 20.
Re1 Ke8 21. Rd3 Kf8 22. Rh3 Kg7 23. Nf7 Kxf7 24. Rxh7+ Kf8 25. Rh8+ Kf7 26.
Rxb8 Nxb8 27. c3 Nc6 28. f4 f5 29. Kc2 Nd8 30. g3 Kf6 31. Rd1 Nf7 32. Rd7 Nd6
33. Rc7 b6 34. Rxa7 Ke6 35. Ra8 Kd7 36. Rh8 Ne4 37. a3 Bf6 38. Rf8 Ke7 39. Rb8
Nxc3 40. Rb7+ Kf8 41. Rxb6 Bd4 42. b4 Ne2 43. Re6 1-0

[Event "4NCL Division Two"]
[Site "Warwick, ENG"]
[Date "2023.02.11"]
[Round "5.63"]
[White "Ratnesan, Ranesh"]
[Black "Zakarian, David"]
[Result "0-1"]
[WhiteElo "2341"]
[BlackElo "2292"]
[PlyCount "58"]
[EventDate "2023.02.11"]
[WhiteTeam "KJCA Kings"]
[BlackTeam "Oxford 1"]

1. d4 Nf6 2. c4 Nc6 3. Nc3 e5 4. d5 Ne7 5. e4 Ng6 6. h4 h5 7. Bg5 Bc5 8. Nge2
c6 9. Nc1 d6 10. Nb3 Bb6 11. Qd2 a5 12. Na4 Bc7 13. f3 cxd5 14. cxd5 Bd7 15.
Nc3 a4 16. Nc1 Ba5 17. a3 Qc7 18. N1a2 Nh7 19. Be3 O-O 20. Nb4 f5 21. Nb5 Bxb5
22. Bxb5 fxe4 23. fxe4 Bb6 24. Be2 Nf6 25. Bf3 Rac8 26. Nd3 Ng4 27. Bxg4 hxg4
28. Bxb6 Qxb6 29. Nb4 Rc4 0-1

[Event "4NCL Division Two"]
[Site "Warwick, ENG"]
[Date "2023.02.11"]
[Round "5.64"]
[White "Powierski, Emil"]
[Black "Merriman, James"]
[Result "1/2-1/2"]
[WhiteElo "2306"]
[BlackElo "2204"]
[PlyCount "49"]
[EventDate "2023.02.11"]
[WhiteTeam "Oxford 1"]
[BlackTeam "KJCA Kings"]

1. e4 e6 2. d4 d5 3. Nd2 Be7 4. Bd3 c5 5. dxc5 Nf6 6. Qe2 a5 7. Ngf3 Na6 8.
Bb5+ Bd7 9. exd5 Nxd5 10. Ne5 Nxc5 11. Nb3 Nc7 12. Nxd7 Nxd7 13. Be3 Nxb5 14.
Qxb5 a4 15. Nd2 Qc7 16. O-O Ra5 17. Qc4 Qxc4 18. Nxc4 Ra6 19. Rfd1 b5 20. Nd2
Nb6 21. Rac1 O-O 22. c4 bxc4 23. Nxc4 Nd5 24. Bd4 Bg5 25. Rb1 1/2-1/2

[Event "4NCL Division Two"]
[Site "Warwick, ENG"]
[Date "2023.02.11"]
[Round "5.65"]
[White "Bansal, Rohan"]
[Black "Anand, Batsukh"]
[Result "0-1"]
[WhiteElo "2098"]
[BlackElo "2203"]
[PlyCount "68"]
[EventDate "2023.02.11"]
[WhiteTeam "KJCA Kings"]
[BlackTeam "Oxford 1"]

1. d4 Nf6 2. c4 g6 3. Nc3 Bg7 4. e4 d6 5. Be2 O-O 6. Be3 Na6 7. h4 e5 8. d5 Nc5
9. f3 Nh5 10. g4 Nf4 11. Rh2 h6 12. Qd2 Bf6 13. Bf2 a5 14. Nh3 Bxh4 15. Nxf4
Bg5 16. Be3 exf4 17. Bxf4 Bxf4 18. Qxf4 Qg5 19. Qd2 Qxd2+ 20. Kxd2 Kg7 21. Ke3
Bd7 22. Kd4 Rae8 23. Rg1 Rh8 24. Bd1 f6 25. b3 c6 26. a3 Rb8 27. f4 Rbe8 28.
Rb2 Na6 29. Re1 Rhf8 30. Na4 Re7 31. Nb6 Nc7 32. Nxd7 Rxd7 33. b4 axb4 34. Rxb4
c5+ 0-1

[Event "4NCL Division Two"]
[Site "Warwick, ENG"]
[Date "2023.02.11"]
[Round "5.66"]
[White "Zakarian, Dimitrios Levon"]
[Black "Young, Daniel J"]
[Result "0-1"]
[WhiteElo "2088"]
[BlackElo "1984"]
[PlyCount "154"]
[EventDate "2023.02.11"]
[WhiteTeam "Oxford 1"]
[BlackTeam "KJCA Kings"]

1. d4 Nf6 2. Nf3 g6 3. c4 Bg7 4. g3 O-O 5. Bg2 d6 6. O-O c5 7. d5 b5 8. cxb5 a6
9. bxa6 Nxa6 10. Nc3 Bf5 11. Nd2 Nb4 12. e4 Bg4 13. f3 Bc8 14. a3 Nd3 15. Nc4
Nxc1 16. Rxc1 Ba6 17. Ne2 Nd7 18. Qd2 Qb8 19. b4 Bxc4 20. Rxc4 Rxa3 21. bxc5
Nxc5 22. Nd4 Qa7 23. Kh1 Rd3 24. Qf2 Nxe4 25. fxe4 Bxd4 26. Qc2 Ra3 27. Rc7 Qa6
28. Qc4 Qxc4 29. Rxc4 Bf6 30. Rc2 Rb8 31. Bf3 Rba8 32. Kg2 Ra2 33. Rxa2 Rxa2+
34. Rf2 Ra3 35. Bg4 h5 36. Bf3 Kg7 37. h4 Be5 38. Kh3 Ra1 39. g4 Rg1 40. Bg2
hxg4+ 41. Kxg4 Kh6 42. Kh3 Bf6 43. Rf1 Rxf1 44. Bxf1 Be5 45. Kg4 Bc3 46. Bb5
Kg7 47. h5 gxh5+ 48. Kxh5 Kf6 49. Kg4 Ke5 50. Kf3 f5 51. Bd3 fxe4+ 52. Bxe4 Bd2
53. Bh7 Kxd5 54. Ke2 Bg5 55. Kd3 Ke5 56. Bg8 e6 57. Bh7 d5 58. Bg8 Bh4 59. Ke3
Bg3 60. Kd3 Bh2 61. Ke3 Bg1+ 62. Kd3 Kd6 63. Bh7 e5 64. Bg6 Ke6 65. Bh7 Kf6 66.
Bg8 e4+ 67. Kd2 Ke5 68. Bf7 d4 69. Bc4 Be3+ 70. Kc2 Bg5 71. Bb5 Kf4 72. Ba6 Ke3
73. Bb5 d3+ 74. Kd1 Kd4 75. Bd7 e3 76. Bg4 Ke4 77. Ke1 Bh4+ 0-1

[Event "4NCL Division Two"]
[Site "Warwick, ENG"]
[Date "2023.02.11"]
[Round "5.67"]
[White "Verbytski, Oleg"]
[Black "Arora, Tashika"]
[Result "0-1"]
[WhiteElo "1791"]
[BlackElo "2027"]
[PlyCount "130"]
[EventDate "2023.02.11"]
[WhiteTeam "KJCA Kings"]
[BlackTeam "Oxford 1"]

1. e4 e5 2. Nf3 Nc6 3. Bc4 Nf6 4. d3 Bc5 5. Nc3 O-O 6. Be3 Bb6 7. O-O d6 8. h3
Bd7 9. Qd2 Nd4 10. Bxd4 exd4 11. Ne2 c5 12. a3 Bc7 13. Nh2 Bc6 14. Ng3 d5 15.
exd5 Nxd5 16. Ne4 b6 17. Rae1 Kh8 18. Qg5 Qb8 19. Bxd5 Bxh2+ 20. Kh1 Bf4 21.
Qf5 Bxd5 22. Qxd5 f5 23. g3 fxe4 24. gxf4 exd3 25. cxd3 Qxf4 26. Qe4 Qxe4+ 27.
dxe4 Rf4 28. Kg2 g5 29. f3 Kg7 30. b3 Kf6 31. Rd1 Ke5 32. Rd3 h5 33. Rh1 Raf8
34. Kg3 b5 35. Rc1 Rc8 36. Rb1 g4 37. hxg4 hxg4 38. Rh1 Rxf3+ 39. Rxf3 gxf3 40.
Kxf3 Rf8+ 41. Ke2 Kxe4 42. Rh7 d3+ 43. Ke1 Kd4 44. Rh5 Re8+ 45. Kd2 Re2+ 46.
Kd1 Re5 47. Rh4+ Kc3 48. a4 Rg5 49. Rh1 Rg2 50. Kc1 Rb2 51. Rh3 Rxb3 52. a5 c4
53. a6 Rb2 54. Rg3 Rh2 55. Rg1 Kb3 56. Kb1 c3 57. Ka1 Ra2+ 58. Kb1 c2+ 59. Kc1
Ra1+ 60. Kd2 Rxg1 61. Ke3 c1=Q+ 62. Kf2 Qe1+ 63. Kf3 Rf1+ 64. Kg2 Rf2+ 65. Kg3
Qg1+ 0-1

[Event "4NCL Division Two"]
[Site "Warwick, ENG"]
[Date "2023.02.11"]
[Round "5.68"]
[White "Pozimski, Szymon"]
[Black "Ratnesan, Radha"]
[Result "1-0"]
[WhiteElo "1968"]
[BlackElo "1655"]
[PlyCount "77"]
[EventDate "2023.02.11"]
[WhiteTeam "Oxford 1"]
[BlackTeam "KJCA Kings"]

1. c4 Nf6 2. Nc3 e6 3. Nf3 d5 4. e3 Be7 5. b3 O-O 6. Bb2 c5 7. cxd5 exd5 8. d4
Bg4 9. Be2 Nc6 10. dxc5 Bxc5 11. O-O Qd7 12. Rc1 Bb6 13. Na4 Ne4 14. Nxb6 axb6
15. a4 Rac8 16. Nd4 Bxe2 17. Nxe2 Rfd8 18. Qd3 Nc5 19. Qb5 Ne7 20. Qxb6 Rc6 21.
Qb5 Ne6 22. Nd4 Nxd4 23. Bxd4 Rxc1 24. Rxc1 Qxb5 25. axb5 Rd7 26. Kf1 f6 27.
Ke2 Kf7 28. Kd3 Nf5 29. Bc5 Ke6 30. g4 Nd6 31. Bxd6 Rxd6 32. Kd4 Rd7 33. Rc5 g6
34. f4 h6 35. Rc8 h5 36. gxh5 gxh5 37. Rh8 Rg7 38. Rxh5 Rd7 39. h4 1-0

[Event "4NCL Division Two"]
[Site "Warwick, ENG"]
[Date "2023.02.12"]
[Round "6.11"]
[White "Claridge-Hansen, William"]
[Black "Davies, Nigel R"]
[Result "1-0"]
[WhiteElo "2315"]
[BlackElo "2398"]
[PlyCount "51"]
[EventDate "2023.02.12"]
[WhiteTeam "Oxford 1"]
[BlackTeam "The ADs"]

1. c4 g6 2. g3 Bg7 3. Bg2 Nf6 4. Nc3 O-O 5. d4 d6 6. Nf3 c6 7. O-O Bf5 8. Re1
Ne4 9. Qb3 Qc7 10. g4 Nxc3 11. gxf5 Ne4 12. Nh4 Nf6 13. e4 Nfd7 14. fxg6 hxg6
15. c5 Bxd4 16. Nxg6 Nxc5 17. Qc4 Bxf2+ 18. Kxf2 b5 19. Nxe7+ Qxe7 20. Qc3 Qh4+
21. Kg1 b4 22. Qd2 Nbd7 23. Re3 Ne5 24. Qxd6 Qh5 25. Rh3 Rad8 26. Qxf8+ 1-0

[Event "4NCL Division Two"]
[Site "Warwick, ENG"]
[Date "2023.02.12"]
[Round "6.12"]
[White "Richardson, John R"]
[Black "Powierski, Emil"]
[Result "1-0"]
[WhiteElo "2268"]
[BlackElo "2306"]
[PlyCount "55"]
[EventDate "2023.02.12"]
[WhiteTeam "The ADs"]
[BlackTeam "Oxford 1"]

1. d4 Nf6 2. c4 e6 3. g3 Bb4+ 4. Bd2 Be7 5. Bg2 d5 6. Nf3 c6 7. Qc2 b6 8. O-O
O-O 9. Rd1 Ba6 10. b3 Nbd7 11. Bf4 Rc8 12. Nc3 c5 13. e4 cxd4 14. exd5 Nh5 15.
dxe6 fxe6 16. Nxd4 Nxf4 17. gxf4 Qe8 18. Nxe6 Rf6 19. Ng5 Nf8 20. Nd5 Rxf4 21.
Re1 Bxg5 22. Rxe8 Rxe8 23. Nxf4 Bxf4 24. Qf5 Ng6 25. Qd7 Rf8 26. Qxa7 Bc8 27.
Qxb6 Ne5 28. Rd1 1-0

[Event "4NCL Division Two"]
[Site "Warwick, ENG"]
[Date "2023.02.12"]
[Round "6.13"]
[White "Anand, Batsukh"]
[Black "Bradbury, Neil H"]
[Result "0-1"]
[WhiteElo "2203"]
[BlackElo "2201"]
[PlyCount "154"]
[EventDate "2023.02.12"]
[WhiteTeam "Oxford 1"]
[BlackTeam "The ADs"]

1. d4 Nf6 2. c4 e6 3. Nf3 b6 4. g3 Ba6 5. b3 d5 6. Bg2 Bb4+ 7. Bd2 Bd6 8. cxd5
exd5 9. O-O O-O 10. Nc3 Re8 11. Re1 Bb7 12. Rc1 Nbd7 13. Nb5 Ne4 14. Nxd6 cxd6
15. h4 h6 16. Bf4 Ndf6 17. Nh2 Rc8 18. Bh3 Rxc1 19. Qxc1 Bc8 20. Bg2 Nh5 21.
Bf3 Nxf4 22. Qxf4 g5 23. hxg5 hxg5 24. Qc1 Be6 25. Ng4 Kg7 26. Kg2 Rh8 27. Rh1
Rxh1 28. Qxh1 Bxg4 29. Bxg4 Qf6 30. f3 Nc3 31. e3 Qg6 32. Qc1 Qd3 33. e4 Kf6
34. e5+ dxe5 35. dxe5+ Kxe5 36. Qxg5+ f5 37. Qf4+ Kf6 38. Qd6+ Kg7 39. Qe5+ Kg6
40. Qe6+ Kg7 41. Bxf5 Qd2+ 42. Kh3 Qh6+ 43. Qxh6+ Kxh6 44. Kg4 Nxa2 45. f4 d4
46. Kf3 Nc3 47. Bd3 a5 48. g4 b5 49. g5+ Kh5 50. g6 Kh6 51. f5 Kg7 52. Kg4 Kf6
53. Kh5 a4 54. bxa4 bxa4 55. Bc4 Nd1 56. Kh6 Ne3 57. Be6 Ng4+ 58. Kh7 Ke7 59.
g7 Nf6+ 60. Kg6 d3 61. g8=B Nxg8 62. Bxg8 Kf8 63. Kf6 d2 64. Be6 d1=Q 65. Ke5
a3 66. Ke4 a2 67. Bxa2 Qe2+ 68. Kd5 Qxa2+ 69. Kd6 Kf7 70. Ke5 Qa5+ 71. Kf4 Kf6
72. Kg4 Qxf5+ 73. Kg3 Ke5 74. Kg2 Ke4 75. Kh1 Qg4 76. Kh2 Kf3 77. Kh1 Qg2# 0-1

[Event "4NCL Division Two"]
[Site "Warwick, ENG"]
[Date "2023.02.12"]
[Round "6.14"]
[White "Snape, Ian L"]
[Black "Gerlagh, Joris"]
[Result "1/2-1/2"]
[WhiteElo "2183"]
[BlackElo "2288"]
[PlyCount "68"]
[EventDate "2023.02.12"]
[WhiteTeam "The ADs"]
[BlackTeam "Oxford 1"]

1. d4 d5 2. c4 e6 3. Nf3 Nf6 4. Nc3 Be7 5. Bf4 c6 6. e3 Nbd7 7. c5 b6 8. b4
bxc5 9. bxc5 Qa5 10. Qd2 Nh5 11. Bd3 Nxf4 12. exf4 Ba6 13. O-O Bxd3 14. Qxd3
O-O 15. g3 Bf6 16. Ne5 Bxe5 17. fxe5 f6 18. f4 fxe5 19. fxe5 Qa3 20. Qe3 Qb4
21. Ne2 Rxf1+ 22. Rxf1 Qb2 23. Nf4 Nf8 24. Rf2 Qb1+ 25. Kg2 Rb8 26. h4 h6 27.
h5 Rb2 28. Rxb2 Qxb2+ 29. Qf2 Qb1 30. a4 Qf5 31. Ng6 Qe4+ 32. Qf3 Qc2+ 33. Qf2
Qe4+ 34. Qf3 Qc2+ 1/2-1/2

[Event "4NCL Division Two"]
[Site "Warwick, ENG"]
[Date "2023.02.12"]
[Round "6.15"]
[White "Sivakumar, Ashvin"]
[Black "Duggan, John E"]
[Result "1-0"]
[WhiteElo "2173"]
[BlackElo "2165"]
[PlyCount "61"]
[EventDate "2023.02.12"]
[WhiteTeam "Oxford 1"]
[BlackTeam "The ADs"]

1. d4 Nf6 2. c4 e6 3. Nc3 d5 4. Bg5 c6 5. e3 Nbd7 6. cxd5 exd5 7. Bd3 Be7 8.
Qc2 Nf8 9. Nge2 h6 10. Bh4 Ne6 11. f3 O-O 12. Rd1 Re8 13. O-O Nf8 14. Kh1 Be6
15. Bf2 Rc8 16. e4 dxe4 17. fxe4 Qa5 18. Nf4 Bg4 19. Rde1 Ne6 20. Be3 Nxf4 21.
Rxf4 Be6 22. Ref1 Ng4 23. Bg1 Nf6 24. Qf2 Rf8 25. Qf3 Nh5 26. Rf5 Bxf5 27. Qxh5
g6 28. Qxh6 Bd7 29. e5 Qd8 30. Ne4 Bf5 31. Rxf5 1-0

[Event "4NCL Division Two"]
[Site "Warwick, ENG"]
[Date "2023.02.12"]
[Round "6.16"]
[White "Roe, Simon J"]
[Black "Hansen, Hans-Peter"]
[Result "1/2-1/2"]
[WhiteElo "2146"]
[BlackElo "2156"]
[PlyCount "90"]
[EventDate "2023.02.12"]
[WhiteTeam "The ADs"]
[BlackTeam "Oxford 1"]

1. c4 Nf6 2. Nf3 e6 3. g3 d5 4. Bg2 d4 5. O-O c5 6. e3 Nc6 7. exd4 cxd4 8. Re1
Bd6 9. d3 h6 10. Na3 O-O 11. Nc2 a5 12. Na3 e5 13. Nb5 Re8 14. a3 Bf8 15. b3
Bf5 16. Ra2 Nd7 17. Rae2 Qb6 18. Bf4 f6 19. Nh4 Be6 20. Bc1 g5 21. Nf3 Nc5 22.
h3 Qd8 23. Nh2 Bf5 24. Rd2 Qd7 25. g4 Bg6 26. Nf1 Qh7 27. Ng3 Nxd3 28. Rxd3
Bxd3 29. Nc7 Bc2 30. Qd2 Qd3 31. Nxe8 Rxe8 32. Bd5+ Kh8 33. Qxd3 Bxd3 34. Nh5
Be7 35. Bd2 Bc2 36. b4 axb4 37. axb4 Nxb4 38. Nxf6 Bxf6 39. Bxb4 b6 40. f3 Rc8
41. Ra1 Bb3 42. Be6 Re8 43. Bf7 Rc8 44. Be6 Re8 45. Bf7 Rc8 1/2-1/2

[Event "4NCL Division Two"]
[Site "Warwick, ENG"]
[Date "2023.02.12"]
[Round "6.17"]
[White "Arora, Tashika"]
[Black "Agrawal, Shivam"]
[Result "0-1"]
[WhiteElo "2027"]
[BlackElo "2095"]
[PlyCount "152"]
[EventDate "2023.02.12"]
[WhiteTeam "Oxford 1"]
[BlackTeam "The ADs"]

1. d4 d5 2. Nf3 Nf6 3. c4 e6 4. g3 Bb4+ 5. Bd2 Be7 6. Bg2 c6 7. O-O O-O 8. Qc2
Nbd7 9. Bc1 b6 10. Nbd2 Bb7 11. e4 dxe4 12. Nxe4 c5 13. Ne5 Bxe4 14. Bxe4 Nxe4
15. Qxe4 cxd4 16. Nc6 Qe8 17. Nxe7+ Qxe7 18. Qxd4 Rfd8 19. b3 Nc5 20. Qg4 f5
21. Bg5 Qb7 22. Qe2 Rd7 23. f3 h6 24. Bf4 Kf7 25. Be3 Nd3 26. Rad1 Rad8 27. Rd2
e5 28. Rfd1 e4 29. fxe4 Qxe4 30. Qh5+ Kg8 31. Qe2 Nc1 32. Qf2 Nd3 33. Qe2 f4
34. Bf2 Qxe2 35. Rxe2 Nxf2 36. Rxd7 Nh3+ 37. Kg2 f3+ 38. Kxh3 fxe2 39. Re7 Rd2
40. Kg4 Rxa2 41. Kf3 Rb2 42. Rxe2 Rxb3+ 43. Ke4 a5 44. Kd5 Kh7 45. Ra2 Rb4 46.
Kc6 Rxc4+ 47. Kxb6 a4 48. Kb5 Rg4 49. Ra3 h5 50. Re3 h4 51. gxh4 Kh6 52. Kc5
Kh5 53. Kd5 Rxh4 54. h3 Rb4 55. Ra3 g5 56. Ke5 Rb3 57. Rxa4 Rxh3 58. Ra8 Rf3
59. Ke4 Kg4 60. Ra1 Rb3 61. Rg1+ Rg3 62. Rh1 Rg2 63. Re1 Kh3 64. Rh1+ Kg4 65.
Re1 Kh3 66. Rh1+ Kg3 67. Kf5 g4 68. Kg5 Ra2 69. Rg1+ Kh3 70. Rh1+ Kg2 71. Rb1
g3 72. Rb4 Kh2 73. Kf4 g2 74. Kf3 Ra3+ 75. Ke2 g1=Q 76. Rh4+ Kg3 0-1

[Event "4NCL Division Two"]
[Site "Warwick, ENG"]
[Date "2023.02.12"]
[Round "6.18"]
[White "Gamal, Alaa"]
[Black "Pozimski, Szymon"]
[Result "1-0"]
[WhiteElo "1914"]
[BlackElo "1968"]
[PlyCount "161"]
[EventDate "2023.02.12"]
[WhiteTeam "The ADs"]
[BlackTeam "Oxford 1"]

1. e4 e5 2. Nf3 Nc6 3. Bb5 Nf6 4. O-O Nxe4 5. Re1 Nd6 6. Bxc6 dxc6 7. Rxe5+ Be7
8. Qe2 Bg4 9. Nc3 Bxf3 10. gxf3 Nc8 11. d3 O-O 12. Bd2 Bf6 13. Re4 Nd6 14. Rg4
Re8 15. Qf1 Nf5 16. Qg2 h5 17. Re4 Nd6 18. Rxe8+ Qxe8 19. Re1 Qd7 20. b3 Qf5
21. Ne4 Be5 22. Kh1 Bf4 23. Bc3 Bh6 24. Rg1 g6 25. Nf6+ Kf8 26. Nh7+ Kg8 27.
Nf6+ Kf8 28. Nh7+ Ke7 29. Re1+ Kd7 30. Nf6+ Kd8 31. Re5 Qxf6 32. Re8+ Nxe8 33.
Bxf6+ Nxf6 34. Qg3 Bf8 35. Qe5 Be7 36. f4 Ne8 37. Qd4+ Bd6 38. c4 b6 39. b4 c5
40. bxc5 bxc5 41. Qd5 Rb8 42. Qxf7 Bxf4 43. Qxf4 Rb6 44. Qg5+ Kc8 45. Qxc5 Nd6
46. Qa5 Kb7 47. Qd5+ Rc6 48. a4 a6 49. Kg2 Kb6 50. a5+ Kb7 51. Kf3 Nf5 52. Kf4
Ne7 53. Qe4 Nc8 54. Kg5 Nd6 55. Qd5 Ne8 56. Qe4 Nd6 57. Qd5 Nc8 58. c5 Ne7 59.
Qe4 Nc8 60. d4 Na7 61. Qd5 Nb5 62. Qc4 Kc8 63. Qg8+ Kb7 64. Qd5 Nc3 65. Qb3+
Nb5 66. Qc4 Nd6 67. Qb4+ Kc8 68. cxd6 Rxd6 69. f4 Kd7 70. Qxd6+ Kxd6 71. Kxg6
Kd5 72. f5 Kxd4 73. f6 c5 74. f7 c4 75. f8=Q c3 76. Qd6+ Ke3 77. Qd1 h4 78. Kh5
h3 79. Kh4 Kf2 80. Kxh3 Ke3 81. Kg4 1-0

[Event "4NCL Division Two"]
[Site "Warwick, ENG"]
[Date "2023.02.12"]
[Round "6.21"]
[White "Macklin, Paul"]
[Black "Cherniaev, Alexander"]
[Result "0-1"]
[WhiteElo "2353"]
[BlackElo "2372"]
[PlyCount "68"]
[EventDate "2023.02.12"]
[WhiteTeam "Spirit of Atticus"]
[BlackTeam "Barnet Knights A"]

1. e4 Nc6 2. Nf3 e5 3. Bc4 Nf6 4. d3 h6 5. O-O d6 6. a4 g5 7. Nc3 Bg7 8. Be3
O-O 9. Re1 Be6 10. Nd2 a5 11. Nf1 Ne7 12. Ng3 Ng6 13. Ba2 Nh4 14. d4 Ng4 15.
Bxe6 Nxe3 16. Bxf7+ Rxf7 17. fxe3 exd4 18. exd4 Qf6 19. Kh1 Qxd4 20. Qxd4 Bxd4
21. Nge2 Be5 22. Rf1 Raf8 23. Rxf7 Rxf7 24. g3 Nf3 25. Rd1 g4 26. Kg2 Ng5 27.
Nd4 Kh7 28. Nde2 Kg6 29. b3 h5 30. Nd5 Nxe4 31. Ndf4+ Kh6 32. Nd3 Rf5 33. h3
gxh3+ 34. Kxh3 Rf2 0-1

[Event "4NCL Division Two"]
[Site "Warwick, ENG"]
[Date "2023.02.12"]
[Round "6.22"]
[White "Rocco, Federico"]
[Black "Crocker, Philip J"]
[Result "1/2-1/2"]
[WhiteElo "2192"]
[BlackElo "2210"]
[PlyCount "80"]
[EventDate "2023.02.12"]
[WhiteTeam "Barnet Knights A"]
[BlackTeam "Spirit of Atticus"]

1. e4 e5 2. Nf3 Nc6 3. Bb5 a6 4. Ba4 Nf6 5. O-O Be7 6. Re1 b5 7. Bb3 O-O 8. a4
Bb7 9. Nc3 Nd4 10. Nxd4 exd4 11. Nd5 Nxd5 12. exd5 c5 13. axb5 axb5 14. Rxa8
Bxa8 15. Qe2 c4 16. Bxc4 bxc4 17. Qxe7 Bxd5 18. Qe5 Qa8 19. Qxd4 Bxg2 20. Re3
Qa1 21. Kxg2 Qxc1 22. h4 h5 23. Rg3 g6 24. Qxc4 Kh7 25. Rf3 Qxd2 26. Rxf7+ Rxf7
27. Qxf7+ Kh6 28. Qf8+ Kh7 29. Qe7+ Kh8 30. Qe4 Kh7 31. b4 d5 32. Qe7+ Kh8 33.
b5 Qxc2 34. Qf6+ Kh7 35. Qf7+ Kh6 36. Qf4+ Kh7 37. b6 Qb2 38. Qf7+ Kh6 39. b7
Qb4 40. Kg3 Qg4+ 1/2-1/2

[Event "4NCL Division Two"]
[Site "Warwick, ENG"]
[Date "2023.02.12"]
[Round "6.23"]
[White "Savidge, Daniel"]
[Black "Mirzoeva, Elmira"]
[Result "1-0"]
[WhiteElo "2133"]
[BlackElo "2261"]
[PlyCount "69"]
[EventDate "2023.02.12"]
[WhiteTeam "Spirit of Atticus"]
[BlackTeam "Barnet Knights A"]

1. e4 c6 2. d4 d5 3. e5 Bf5 4. h4 h5 5. Bg5 Qb6 6. Bd3 Bxd3 7. Qxd3 Qa6 8. Qh3
e6 9. Nc3 Ne7 10. Nge2 b5 11. Nf4 Nf5 12. Nce2 Nd7 13. O-O g6 14. Rfd1 c5 15.
c3 Be7 16. Ng3 Bxg5 17. hxg5 Ne7 18. Nge2 O-O-O 19. a4 bxa4 20. b3 Qb6 21. Rxa4
Qxb3 22. Rda1 Nc6 23. Nxe6 fxe6 24. Qxe6 Kb7 25. Nf4 Nb6 26. R4a3 Qb5 27. Qxg6
cxd4 28. cxd4 a5 29. Ne6 Rde8 30. Nc5+ Ka8 31. Qf7 Rb8 32. Qc7 Nc4 33. Qxc6+
Rb7 34. Rxa5+ Nxa5 35. Rxa5+ 1-0

[Event "4NCL Division Two"]
[Site "Warwick, ENG"]
[Date "2023.02.12"]
[Round "6.24"]
[White "Villiers, Thomas"]
[Black "Ackley, Peter J E"]
[Result "1-0"]
[WhiteElo "2155"]
[BlackElo "2092"]
[PlyCount "119"]
[EventDate "2023.02.12"]
[WhiteTeam "Barnet Knights A"]
[BlackTeam "Spirit of Atticus"]

1. d4 d6 2. Nf3 g6 3. e4 Nf6 4. Bd3 Bg7 5. O-O O-O 6. Qe2 Bg4 7. Nbd2 Nc6 8. c3
e5 9. h3 Bd7 10. Re1 Nh5 11. Nb3 Nf4 12. Bxf4 exf4 13. Rad1 Re8 14. Qd2 g5 15.
e5 h6 16. exd6 cxd6 17. Bc2 Rxe1+ 18. Rxe1 Qf6 19. Qd3 Re8 20. Rxe8+ Bxe8 21.
Nbd2 Qe7 22. d5 Ne5 23. Qh7+ Kf8 24. Nd4 Bd7 25. Bf5 Be8 26. Bc8 Ng6 27. Qxg7+
Kxg7 28. Nf5+ Kf6 29. Nxe7 Nxe7 30. Bxb7 Bb5 31. c4 Bd7 32. Kf1 Ke5 33. Nf3+
Ke4 34. Ke2 f5 35. Ba6 g4 36. Nd2+ Kd4 37. Nb3+ Ke5 38. f3 Ng6 39. Na5 Kd4 40.
Nc6+ Kc5 41. Nxa7 Ne5 42. Nc8 gxf3+ 43. gxf3 Bxc8 44. Bxc8 Nxc4 45. b3 Ne3 46.
a3 Nc2 47. Kd3 Ne1+ 48. Kc3 Nxf3 49. b4+ Kb6 50. Bxf5 Ne5 51. Bd3 f3 52. Kd4
Ka7 53. Ke3 Kb6 54. a4 Ka7 55. a5 Kb7 56. Be4 Ka6 57. Bd3+ Kb7 58. b5 Ka7 59.
b6+ Kb7 60. Bb5 1-0

[Event "4NCL Division Two"]
[Site "Warwick, ENG"]
[Date "2023.02.12"]
[Round "6.25"]
[White "Carleton, John J"]
[Black "Stoica, Savas Marin"]
[Result "1-0"]
[WhiteElo "2128"]
[BlackElo "2236"]
[PlyCount "39"]
[EventDate "2023.02.12"]
[WhiteTeam "Spirit of Atticus"]
[BlackTeam "Barnet Knights A"]

1. e4 e6 2. d4 d5 3. Nc3 Bb4 4. e5 c5 5. Bd2 Ne7 6. f4 cxd4 7. Nb5 Bxd2+ 8.
Qxd2 O-O 9. Nf3 Nbc6 10. Bd3 f6 11. O-O fxe5 12. fxe5 Rxf3 13. Rxf3 Nxe5 14.
Rff1 Nxd3 15. cxd3 Nf5 16. Qf4 Bd7 17. Nd6 g5 18. Qe5 Qb8 19. Rxf5 exf5 20.
Qxd5+ 1-0